Joueur français de l'année - Statistiques

Statistiques générales
  • Ce quiz a été pris 387 fois
    167 depuis la dernière actualisation
  • Le résultat moyen est 30 sur 63
Statistiques - réponses
Année Vainqueur Club % Correct
2016 Antoine Griezmann Atlético Madrid
96%
2018 Kylian Mbappé Paris Saint-Germain
96%
2019 Kylian Mbappé Paris Saint-Germain
96%
2022-23 Kylian Mbappé Paris Saint-Germain
96%
2011 Karim Benzema Real Madrid
94%
2012 Karim Benzema Real Madrid
94%
2014 Karim Benzema Real Madrid
94%
2021 Karim Benzema Real Madrid
94%
1998 Zinedine Zidane Juventus
93%
2002 Zinedine Zidane Real Madrid
93%
2000 Thierry Henry Arsenal
91%
2003 Thierry Henry Arsenal
91%
2004 Thierry Henry Arsenal
91%
2005 Thierry Henry Arsenal
91%
2006 Thierry Henry Arsenal
91%
2007 Franck Ribéry Marseille
88%
2008 Franck Ribéry Bayern Munich
88%
2013 Franck Ribéry Bayern Munich
88%
2017 N'Golo Kanté Chelsea
86%
1976 Michel Platini Nancy
84%
1977 Michel Platini Nancy
84%
1989 Jean-Pierre Papin Marseille
74%
1991 Jean-Pierre Papin Marseille
74%
1960 Raymond Kopa Reims
74%
2009 Yoann Gourcuff Bordeaux
74%
2001 Patrick Vieira Arsenal
71%
1997 Lilian Thuram Parme
68%
2015 Blaise Matuidi Paris Saint-Germain
67%
1996 Didier Deschamps Juventus
62%
2010 Samir Nasri Arsenal
51%
1990 Laurent Blanc Montpellier
44%
1993 David Ginola Paris Saint-Germain
43%
1982 Alain Giresse Bordeaux
38%
1983 Alain Giresse Bordeaux
38%
1987 Alain Giresse Marseille
38%
1978 Jean Petit Monaco
34%
1984 Jean Tigana Bordeaux
30%
1972 Marius Trésor AjaccioMarseille
30%
1992 Alain Roche AuxerreParis Saint-Germain
29%
1994 Bernard Lama Paris Saint-Germain
26%
1985 Luis Fernandez Paris Saint-Germain
23%
1999 Sylvain Wiltord Bordeaux
20%
1986 Manuel Amoros Monaco
13%
1969 Hervé Revelli Saint-Etienne
11%
1995 Vincent Guérin Paris Saint-Germain
11%
1979 Maxime Bossis Nantes
9%
1981 Maxime Bossis Nantes
9%
1965 Philippe Gondet Nantes
4%
1966 Philippe Gondet Nantes
4%
1988 Stéphane Paille Sochaux
4%
1980 Jean-François Larios Saint-Etienne
2%
1975 Jean-Marc Guillou AngersNice
2%
1962 André Lerond Stade Français
1%
1967 Bernard Bosquier Saint-Etienne
1%
1968 Bernard Bosquier Saint-Etienne
1%
1973 Georges Bereta Saint-Etienne
1%
1974 Georges Bereta Saint-Etienne
1%
1970 Georges Carnus Saint-Etienne
1%
1971 Georges Carnus Saint-EtienneMarseille
1%
1959 Jules Sbroglia Angers
1%
1961 Mahi Khennane Rennes
1%
1964 Marcel Artelesa Monaco
1%
1963 Yvon Douis Monaco
1%
Aucun quiz correspondant
Distribution des résultats
% des personnes avec chaque résultat
Percentile par nombre de réponses
Votre historique - résultats
Vous n’avez pas pris ce quiz depuis la dernière actualisation